Vista normal Vista MARC

Entrada Topical Term

Número de registros utilizados en: 1

001 - CONTROL NUMBER

  • control field: 2918

003 - CONTROL NUMBER IDENTIFIER

  • control field: OSt

005 - DATE AND TIME OF LATEST TRANSACTION

  • control field: 20200413113830.0

008 - FIXED-LENGTH DATA ELEMENTS

  • fixed length control field: 200413|| aca||aabn | a|a d

040 ## - CATALOGING SOURCE

  • Original cataloging agency: OSt
  • Transcribing agency: OSt

150 ## - HEADING--TOPICAL TERM

  • Topical term or geographic name entry element: Movimientos sociales

670 ## - SOURCE DATA FOUND

  • Source citation: Work cat.: (OSt)4954: Guhl, Ernesto, autor 2917, La insurgencia de las provincias : , 1988